000 00306nam a22001457a 4500
008 230522b ||||| |||| 00| 0 eng d
020 _a9782070412570
041 _aFRA
080 _a82
082 _a82COE
100 _a38
101 _aGJL
245 _aLA MAISON DU SOMMEIL
_cCOE J
942 _2udc
_cBK
999 _c59794
_d59794